[Event "EU-ch 23rd"]
[Site "Vrnjacka Banja"]
[Date "2023.03.13"]
[Round "11"]
[White "Panic, Anastasija"]
[Black "Nikolovski, David"]
[Result "0-1"]
[WhiteElo "1772"]
[BlackElo "1860"]
[PlyCount "86"]
[EventDate "2023.03.03"]
[EventType "swiss"]
[EventRounds "11"]
[EventCountry "SRB"]
[SourceTitle "CBM 213"]
[Source "ChessBase"]
[SourceDate "2023.04.30"]
[SourceVersion "1"]
[SourceVersionDate "2023.04.30"]
[SourceQuality "1"]

1. e4 d6 2. d4 Nf6 3. Nc3 e5 4. Nf3 Nbd7 5. Bc4 h6 6. 0-0 Be7 7. Qe2 c6 8. Nd1 b5 9. dxe5 dxe5 10. Bd3 0-0 11. Ne3 Re8 12. Nf5 Bf8 13. Rd1 Qc7 14. Ng3 Nc5 15. h3 Be6 16. Be3 Rad8 17. Nh2 a6 18. Qf1 Nxd3 19. cxd3 c5 20. b3 Rc8 21. Rac1 Qa5 22. Rc2 Red8 23. f4 exf4 24. Bxf4 Be7 25. Be5 Qb6 26. Kh1 Nd7 27. Ba1 Bf6 28. Nf5 Bxf5 29. Qxf5 Bxa1 30. Rxa1 Qf6 31. Rf1 Qxf5 32. Rxf5 Nf6 33. e5 Ne8 34. Rcf2 Rxd3 35. Rxf7 Rd1+ 36. Nf1 Nf6 37. Ra7 Ne4 38. Rf3 Nd2 39. Kg1 Nxf3+ 40. gxf3 c4 41. bxc4 bxc4 42. Kf2 Rxf1+ 43. Kxf1 c3 0-1

[Event "Novi Sad Serbia op-B"]
[Site "Novi Sad"]
[Date "2022.06.28"]
[Round "1"]
[White "Nikolovski, David"]
[Black "Kozomora, Dragan"]
[Result "1-0"]
[WhiteElo "1696"]
[BlackElo "2083"]
[PlyCount "43"]
[EventDate "2022.06.28"]
[EventType "swiss"]
[EventRounds "9"]
[EventCountry "SRB"]
[SourceTitle "EXT 2023"]
[Source "ChessBase"]
[SourceDate "2022.10.05"]
[SourceVersion "1"]
[SourceVersionDate "2022.10.05"]
[SourceQuality "1"]

1. d4 e6 2. Nc3 f5 3. e4 fxe4 4. Nxe4 Be7 5. Bd3 g6 6. h4 d5 7. Ng5 Nc6 8. Nxh7 Nf6 9. Bxg6+ Kd7 10. Ng5 Qf8 11. N1f3 Bd6 12. Nf7 Rg8 13. Bh6 Qe7 14. h5 Nd8 15. N3e5+ Bxe5 16. Nxe5+ Kd6 17. Qd3 b6 18. Bf4 Qf8 19. Bf7 Qg7 20. Bxg8 Qxg8 21. Qg6 Qf8 22. Ng4+ 1-0

[Event "FRM-ch op"]
[Site "Struga"]
[Date "2021.07.26"]
[Round "4"]
[White "Lazarova, Jovana"]
[Black "Nikolovski, David"]
[Result "1/2-1/2"]
[WhiteElo "1113"]
[BlackElo "1669"]
[PlyCount "67"]
[EventDate "2021.07.24"]
[EventType "swiss"]
[EventRounds "9"]
[EventCountry "MKD"]
[SourceTitle "CBM 203 Extra"]
[Source "ChessBase"]
[SourceDate "2021.09.30"]
[SourceVersion "1"]
[SourceVersionDate "2021.09.30"]
[SourceQuality "1"]

1. e4 c5 2. Nf3 d6 3. d4 cxd4 4. Nxd4 Nf6 5. Nc3 a6 6. Bc4 e6 7. 0-0 Be7 8. a3 0-0 9. f4 Qc7 10. Bb3 Nc6 11. Be3 Nxd4 12. Bxd4 e5 13. Be3 Be6 14. f5 Bxb3 15. cxb3 Qc6 16. Bg5 Rae8 17. Bxf6 gxf6 18. Qh5 Kh8 19. Nd5 Bd8 20. Qh6 Rg8 21. Nxf6 Bxf6 22. Qxf6+ Rg7 23. Rae1 Qb6+ 24. Kh1 Qxb3 25. Rf2 d5 26. exd5 Qxd5 27. h3 e4 28. Qc3 Re5 29. Rd2 Qc5 30. Rd8+ Rg8 31. Qxc5 Rxc5 32. Rxg8+ Kxg8 33. Rxe4 Rxf5 34. Kg1 1/2-1/2